Australian Rules football clubs in metropolitan Melbourne - Statistics

General Stats
  • This quiz has been taken 5 times
  • The average score is 46 of 269
Answer Stats
Club Nickname % Correct
Box Hill Hawks
100%
Carlton Blues
100%
Casey Demons
100%
Coburg Lions
100%
Collingwood Magpies
100%
Essendon Bombers
100%
Footscray Bulldogs
100%
Frankston Dolphins
100%
North Melbourne Kangaroos
100%
Port Melbourne Borough
100%
Richmond Tigers
100%
Sandringham Zebras
100%
Werribee Tigers
100%
Williamstown Seagulls
100%
Parkdale Vultures Vultures
67%
St Kevin's Old Boys SKOB
67%
Suns (same as club name)
67%
Sunshine Kangaroos
67%
The Basin Bears
67%
Aberfeldie Abers
33%
Airport West Eagles
33%
Albanvale Cobras
33%
Aquinas Old Collegians Bloods
33%
Balwyn Tigers
33%
Banyule Bears
33%
Bayswater Waters
33%
Beaconsfield Eagles
33%
Berwick Wickers
33%
Blackburn Burners, Panthers
33%
Boronia Hawks
33%
Bulleen Templestowe Bullants
33%
Bundoora Bulls
33%
Chirnside Park Panthers
33%
Collegians Lions
33%
Croydon Blues
33%
Croydon North MLOC KangaRams
33%
Deer Park Lions
33%
Diamond Creek Demons, Creekers
33%
Doncaster Sharks
33%
Doncaster East Lions
33%
Donvale Magpies
33%
Doveton Doves
33%
East Burwood Rams
33%
Eastern Devils Devils
33%
East Ringwood Roos
33%
Eley Park Sharks
33%
Eltham Panthers
33%
Fairpark Lions
33%
Ferntree Gully Eagles
33%
Fitzroy Lions
33%
Forest Hill Zebras
33%
Glen Orden Hawks
33%
Greensborough Boro
33%
Hawthorn Amateurs Hawks
33%
Heathmont Jets
33%
Kilsyth Cougars
33%
Knox Falcons
33%
Laverton Magpies
33%
Lilydale Falcons
33%
Macleod Kangaroos
33%
Mitcham Tigers
33%
Monash Blues Blues
33%
Montmorency Magpies
33%
Montrose Demons
33%
Mooroolbark Mustangs
33%
Newport Panthers
33%
Noble Park Bulls
33%
North Footscray Devils
33%
North Ringwood Saints
33%
North Sunshine Roadrunners
33%
Norwood Norsemen
33%
Nunawading Lions
33%
Oakleigh Krushers
33%
Oakleigh District Districts
33%
Old Camberwell Wellers
33%
Old Carey Grammarians Panthers
33%
Old Paradians Raiders
33%
Old Xaverians Xavs
33%
Old Yarra Cobras Cobras
33%
Park Orchards Sharks
33%
PEGS Bombers
33%
Ringwood Redbacks
33%
Rowville Hawks
33%
South Croydon Bulldogs
33%
Springvale Districts Demons
33%
St Bede's Mentone Tigers Tigers
33%
St Bernard's Snowdogs
33%
St Mary's Greensborough Burra
33%
Sunshine Heights Dragons
33%
Tarneit Titans
33%
Templestowe Dockers
33%
Tullamarine Demons
33%
University Blacks Blacks
33%
University Blues Blues
33%
Upper Ferntree Gully Kings
33%
Vermont Eagles
33%
Warrandyte Bloods
33%
Watsonia Saints
33%
Wattle Park Animals
33%
Waverley Blues Blues
33%
West Footscray Roosters
33%
Whitefriars Old Collegians Friars
33%
Whitehorse Pioneers Pioneers
33%
Wyndhamvale Falcons
33%
AJAX Jackas
0%
Albert Park Falcons
0%
Albion Cats
0%
Altona Vikings
0%
Ashwood Magpies
0%
Avondale Heights Heights
0%
Beaumaris Sharks
0%
Belgrave Magpies
0%
Bentleigh Demons
0%
Berwick Springs Titans
0%
Black Rock Jets
0%
Bonbeach Sharks
0%
Box Hill North Demons
0%
Braybrook Brookers
0%
Brunswick NOBS, Renegades
0%
Burnside Heights Bears
0%
Canterbury Cobras
0%
Caroline Springs Lakers
0%
Carrum Patterson Lakes Lions
0%
Casey Thunder Thunder
0%
Caulfield Bears
0%
Caulfield Grammarians Fields
0%
Chadstone Synners
0%
Chelsea Seagulls
0%
Chelsea Heights Demons
0%
Cheltenham Rosellas
0%
Clayton Clays
0%
Clyde Cougars
0%
Coburg Districts Lions
0%
Craigieburn Eagles
0%
Cranbourne Eagles
0%
Dandenong West Westerners
0%
Darebin Falcons
0%
De La Salle DLSOC
0%
Dingley Dingoes
0%
Doveton Eagles Eagles
0%
Dromana Tigers
0%
East Brighton Vampires
0%
East Keilor Cougars
0%
East Malvern Panthers
0%
Edithvale Aspendale Eagles
0%
Elsternwick Wickers
0%
Endeavour Hills Eagles
0%
Epping Blues
0%
Essendon Doutta Stars Stars
0%
Fitzroy Stars Stars
0%
Frankston Bombers Bombers
0%
Frankston Dolphins Dolphins
0%
Frankston YCW Stonecats
0%
Glen Eira Gryphons
0%
Glenroy Wallabies
0%
Greenvale Jets
0%
Hadfield Hawks
0%
Hallam Hawks
0%
Hampton Hammers
0%
Hampton Park Redbacks
0%
Hampton Rovers Rovers
0%
Heatherhill Hawks
0%
Heatherton Tonners
0%
Heidelberg Tigers
0%
Heidelberg West Hawks
0%
Highett Bulldogs
0%
Hillside Sharks
0%
Hoppers Crossing Warriors
0%
Hume Bombers Bombers
0%
Hurstbridge Bridges
0%
Ivanhoe Hoers
0%
Karingal Bulls
0%
Keilor Blues
0%
Keilor Park Devils
0%
Kew Bears
0%
Keysborough Burras
0%
Lalor Bloods
0%
Langwarrin Kangaroos
0%
La Trobe University Trobers
0%
Laurimar Power
0%
Lower Plenty Bears
0%
Lyndale Pumas
0%
Lyndhurst Lightning
0%
Marcellin Old Collegians Eagles
0%
Maribyrnong Park Lions
0%
Masala Dandenong Tigers
0%
Mazenod Old Collegians Nodders
0%
MCC Demons
0%
Melbourne High School Old Boys Unicorns
0%
Mernda Demons
0%
Merrifield Panthers
0%
Moonee Valley Valley
0%
Moorabbin Kangaroos
0%
Mordialloc Bloodhounds
0%
Mornington Bulldogs
0%
Mount Eliza Redlegs
0%
Mount Evelyn Rovers
0%
Mulgrave Lions
0%
Murrumbeena Lions
0%
Narre South Saints
0%
Narre Warren Magpies
0%
North Brunswick Bulls
0%
Northcote Park Cougars
0%
Northern Saints Saints
0%
North Heidelberg Bulldogs
0%
Oak Park Kangaroos
0%
Officer Roos
0%
Old Brighton Grammarians Tonners
0%
Old Eltham Collegians Turtles
0%
Old Geelong OGs
0%
Old Haileyburians Bloods, Hearts
0%
Old Ivanhoe Grammarians Hoers
0%
Old Melburnians Redlegs
0%
Old Peninsula Pirates
0%
Old Scotch Cardinals, Stars
0%
Old Trinity Grammarians OTGs
0%
Ormond Monders
0%
Pakenham Lions
0%
Parkside Devils | Magpies
0%
Parkside Spurs Spurs
0%
Pascoe Vale Panthers
0%
Pines Pythons
0%
Point Cook Bulldogs
0%
Point Cook Centrals Sharks
0%
Port Melbourne Chargers Chargers
0%
Port Melbourne Colts Colts
0%
Power House Slushies
0%
Prahran Two Blues
0%
Preston Bullants Bullants
0%
Reservoir Mustangs
0%
Richmond Central Snakes
0%
Rosebud Buds
0%
Roxburgh Park Magpies
0%
Rye Demons
0%
Scoresby Magpies
0%
Seaford Tigers
0%
Skye Bombers
0%
Sorrento Sharks
0%
South Belgrave Saints
0%
South Melbourne Districts Swans
0%
South Morang Lions
0%
South Mornington Tigers
0%
South Yarra Lions
0%
Spotswood Woodsmen
0%
St Albans Saints
0%
St John's Old Collegians JOCs
0%
St Kilda City Saints
0%
St Mary's Salesian Saints
0%
St Pauls McKinnon Bulldogs
0%
Strathmore Mores
0%
Surrey Park Panthers
0%
Swinburne University Razorbacks
0%
Taylors Lakes Lions
0%
Therry Penola Lions
0%
Thomastown Bears
0%
UHS-VU Vultures
0%
Upwey Tecoma Tigers
0%
Wantirna South Devils
0%
Werribee Centrals Centurions
0%
Werribee Districts Tigers
0%
Westbourne Grammarians Warriors
0%
West Brunswick Magpies
0%
West Coburg Burgers
0%
Western Rams Rams
0%
Westmeadows Tigers
0%
West Preston Lakeside Roosters
0%
Williamstown CYMS CYs
0%
Yarraville Seddon Eagles
0%
No matching quizzes found
Score Distribution
Percent of People with Each Score
Percentile by Number Answered
Your Score History
You have not taken this quiz